000 00381nam a2200157Ia 4500
008 230917s9999||||xx |||||||||||||| ||und||
020 _cRS80
040 _e6942
_aMAIN
041 _aEnglish
082 _a320.50954 R812G
100 _aRay, Ramashray
245 0 _aGandhi: soundings in political philosophy
260 _aDelhi
_bChanakya
_c1984
300 _a159 p.
942 _cBK
999 _c50148
_d50148